| 000 | 00379nam a22001217a 4500 | ||
|---|---|---|---|
| 082 | _a200 THE | ||
| 100 |
_aFouzia Kanwal _970572 |
||
| 245 | _aTH-SOF-1055-SOFTWARE DEFECT PREDICTION USING ENHANCED SWARM INTELLIGENCE | ||
| 260 |
_aISLAMABAD _bNUST COLLEGE OF EME _c2014 |
||
| 650 |
_a MS-CSE-10 MSTHESIS _970287 |
||
| 700 |
_aSUPERVISOR DR. AASIA KHANUM _970573 |
||
| 942 | _cCF | ||
| 999 |
_c577541 _d577541 |
||